Teorijata na dalgite valni - istoričeski kontekst i metodologični predizvikatelstva. Sto godini ot roždenija na Nikolaj Dmitrijevič Kondratiev.

Vznik teórie dlhých vĺn. Teória dlhých vĺn ako teoretická a metodologická výzva. Teória cyklu a teória dlhých vĺn - komparatívna teoretická chronológia.

Gespeichert in:
Bibliographische Detailangaben
1. Verfasser: Avramov, R.
Format: Buchkapitel
Sprache:Bulgarisch
Schlagworte:
Tags: Tag hinzufügen
Keine Tags, Fügen Sie das erste Tag hinzu!

MARC

LEADER 00000naa a2200000 4500
001 r011346
005 20221125115054.1
041 0 |a bul 
044 |a BG 
245 1 0 |a Teorijata na dalgite valni - istoričeski kontekst i metodologični predizvikatelstva.  |b Sto godini ot roždenija na Nikolaj Dmitrijevič Kondratiev.  |c R. Avramov 
520 |a Vznik teórie dlhých vĺn. Teória dlhých vĺn ako teoretická a metodologická výzva. Teória cyklu a teória dlhých vĺn - komparatívna teoretická chronológia. 
610 2 0 |a Kondrat'jev, N.D. 
610 2 0 |a ekonómovia 
610 2 0 |a teórie ekonomické 
610 2 0 |a 1892 
610 2 0 |a teória cyklu 
610 2 0 |a cykly hospodárske 
610 2 0 |a Rusko 
610 2 0 |a konferencie 
610 2 0 |a 1992 
100 1 |a Avramov, R.